Xuống đường Tiểu thuyết

Đã lưu trong:
书目详细资料
主要作者: Học Phi
格式: 图书
语言:Vietnamese
出版: H. Lao động 1988
主题:
标签: 添加标签
没有标签, 成为第一个标记此记录!
Thư viện lưu trữ: Mạng thư viện Đại học Đà Nẵng
LEADER 00985nam a2200313 4500
001 000005442
003 1586
005 20120417090448.0
008 110816s1988 viesd
020 |c 8000đ 
041 0 |a vie 
082 |a 895.9223  |b HO-P 
100 0 |a Học Phi 
245 0 |a Xuống đường  |b Tiểu thuyết  |c Học Phi 
260 |a H.  |b Lao động  |c 1988 
300 |a 368 tr.  |c 19 cm. 
653 |a Văn học Việt Nam 
653 |a Tiểu thuyết 
910 |a Huỳnh Thị Cẩm Lai  |d 16/08/2011 
OWN |a LSP 
AVA |a UDN50  |b LSP  |d 895.9223 HO-P  |e available  |t Error 5001 Not defined in file expand_doc_bib_avail.  |f 1  |g 0  |h N  |i 1  |k 1 
999 |a From the UDN01 
AVA |a UDN50  |b LSP  |d 895.9223 HO-P  |e available  |t Error 5001 Not defined in file expand_doc_bib_avail.  |f 1  |g 0  |h N  |i 1  |k 1 
TYP |a Monograph 
TYP |a Printed language 
980 |a Mạng thư viện Đại học Đà Nẵng